Представление документа в формате RUSMARC

ПолеНазваниеЗначение
  Тип записи c
  Библиографический уровень m
001 Контрольный номер RU/IS/BASE/637155620
005 Дата корректировки 20250520131256.6
010 Индекс ISBN __
9 Тираж 860 экз.
013 Номер (ISMN) __
d Цена 60 к.
071 Издательские номер (звукозапись и ноты) 21
a Номер, присвоенный агентством 226
100 Данные общей обработки __
a Данные общей обработки 20200310d1973 u y0rusy0189||||ca
101 Язык документа 0_
a Язык текста rus
f Язык титульного листа rus
102 Страна публикации __
a Страна публикации RU
105 Кодированные данные (монография) __
a Кодированные данные (монография) y###||||000|y
125 Кодированные данные звукозаписи и нотных изданий __
a Форма изложения нотного текста с|
128 Кодированные данные (звукозаписи-физические характеристики) __
a Кодированные данные: Музыкальная форма и тональность или лад ccn
b Инструменты или голоса, необходимые для ансамблей (устаревшее) ka||
c Инструменты или голоса, рекомендуемые для солистов (устаревшее) vu||
200 Заглавие и сведения об ответственности 1_
a Заглавие Песни
b Общее обозначение материала Ноты
e Сведения, относящиеся к заглавию для голоса с фп. [и без сопровожд.]
f Первые сведения об ответственности Л. Нормент
g Последующие сведения об ответственности сл. Калью Лепика, Пауля-Эрика Руммо, Федерико Гарсиа Лорки
210 Выходные данные 1_
a Место издания Ленинград
a Место издания Москва
c Издательство Советский композитор
d Дата издания 1973
215 Физическое описание __
a Объем 47 с. включ. обл.
d Формат 29 см
225 Серия 1_
a Серия Концертный репертуар вокалиста
327 Примечание о содержании 11
a Примечание о содержании Содерж. : Песни поры рассвета : Песня батрака ; Кузнец ; На свадьбе / сл. К. Лепика. - Акварели : Песня о зеленом ветре ; Песня о плывущих облаках ; Песня о ликующем жаворонке / сл. П.-Э. Руммо. - Баллады на стихи Ф. Гарсиа Лорки : Тишина ; Белая баллада ; Кордова (Песня всадника) ; Оклик.
464 Аналитический уровень _0
1 2001
a Песня батрака
e Солнце впилось в небосвод зубами...
1 702 1
a Лепик
b К.
4 520
1 702 1
a Слепакова
b Н.
4 730
1 50010
a Песни поры рассвета
464 Аналитический уровень _0
1 2001
a Песня о зеленом ветре
e Вот маляр идёт вдоль парка...
1 702 1
a Руммо
b П.-Э.
4 520
1 702 1
a Слепакова
b Н.
4 730
1 50010
a Акварели
464 Аналитический уровень _0
1 2001
a Тишина
e Вслушайся, мальчик, сын мой, сын мой, в тишину гор...
e баллада
1 702 1
a Гарсиа Лорка
b Ф.
4 520
1 702 1
a Суслов
b В.
4 730
464 Аналитический уровень _0
1 2001
a Кузнец
e Двери скрипнут знакомо...
1 702 1
a Лепик
b К.
4 520
1 702 1
a Слепакова
b Н.
4 730
1 50010
a Песни поры рассвета
464 Аналитический уровень _0
1 2001
a На свадьбе
e С песней девушки-подружки ходят горделиво...
1 702 1
a Лепик
b К.
4 520
1 702 1
a Суслов
b В.
4 730
1 50010
a Песни поры рассвета
464 Аналитический уровень _0
1 2001
a Песня о плывущих облаках
e Облака в небесах слоняются...
1 702 1
a Руммо
b П.-Э.
4 520
1 702 1
a Слепакова
b Н.
4 730
1 50010
a Акварели
464 Аналитический уровень _0
1 2001
a Песня о ликующем жаворонке
e Вот он! Вот он! Жаворонок в небе высоком...
1 702 1
a Руммо
b П.-Э.
4 520
1 702 1
a Суслов
b В.
4 730
1 50010
a Акварели
464 Аналитический уровень _0
1 2001
a Белая баллада
e Строки, добрые строки, книги стихов хороших...
1 702 1
a Гарсиа Лорка
b Ф.
4 520
1 702 1
a Суслов
b В.
4 730
464 Аналитический уровень _0
1 2001
a Кордова
a Песня всадника
e Кордова. О, как далеко до Кордовы!..
e баллада
1 702 1
a Гарсиа Лорка
b Ф.
4 520
1 702 1
a Слепакова
b Н.
4 730
464 Аналитический уровень _0
1 2001
a Оклик
e Эллипс оклика идёт по кручам гор...
e баллада
1 702 1
a Гарсиа Лорка
b Ф.
4 520
1 702 1
a Суслов
b В.
4 730
512 Заглавие обложки 1_
a Заглавие обложки Песни
600 Персоналии _1
a Персоналии (Фамилия) Нормент, Лео Тармович
606 Тематические рубрики 0_
a Основная рубрика Вокальные произведения советских композиторов
x Основная подрубрика Песни
610 Ключевые слова 0_
a Ключевые слова вокальные произведения советских композиторов
610 Ключевые слова 0_
a Ключевые слова песни
610 Ключевые слова 0_
a Ключевые слова Нормент Л. Т.
686 Индексы других классификаций __
a Классификационный индекс 85.943.4-42-043(2)
2 Код системы rubbk
700 Автор _1
a Фамилия Нормент
b Имя (инициалы) Л. Т.
g Полное личное имя Лео Тармович
702 Вторичная интеллектуальная ответственность _1
a Фамилия Лепик
b Имя (инициалы) К.
4 Код отношения 520
702 Вторичная интеллектуальная ответственность _1
a Фамилия Руммо
b Имя (инициалы) П.-Э.
4 Код отношения 520
702 Вторичная интеллектуальная ответственность _1
a Фамилия Гарсиа Лорка
b Имя (инициалы) Ф.
4 Код отношения 520
801 Источник записи _0
a Страна RU
b Организация Ульяновская ОНБ
c Дата составления 20200310
g Правила каталогизации RCR
801 Источник записи _1
a Страна RU
b Организация Ульяновская ОНБ
c Дата составления 20200310
g Правила каталогизации RCR
901 Тип документа __
t Тип документа m
909 Создатель записи __
a Создатель записи Грязнова И. Е.
938 Служебная информация __
a Имя БД noti
b Имя библиотеки УОНБ
c Имя АИБС МАРК-SQL
d Номер DOC_ID в БД 22111